000 00528nam a2200205Ia 4500
003 OSt
005 20220926043408.0
006 a|||||r|||| 00| 0
007 ta
008 220923b |||||||| |||| 00| 0 eng d
037 _cGeneral Book
040 _aRTL
_cRTL
_beng
041 _2eng
_aeng
082 _aV2,4.N5, J0
245 0 _aMUSLIM LEAGUE attack on Sikha and Hindus in the Pu
260 _c1950
650 _aPolitical Parties
_9227152
942 _hV2,4.N5, J0
_cGB
_2CC
999 _c672174
_d672174